[Event "HUN-chT2 Toth 1213"]
[Site "Hungary"]
[Date "2013.03.03"]
[Round "8.4"]
[White "Deak, Zoltan"]
[Black "Bozsik, Balazs"]
[Result "1/2-1/2"]
[WhiteElo "1962"]
[BlackElo "2099"]
[PlyCount "25"]
[EventDate "2012.09.16"]
[EventType "team-tourn"]
[EventRounds "11"]
[EventCountry "HUN"]
[SourceTitle "EXT 2014"]
[Source "ChessBase"]
[SourceDate "2013.11.20"]
[SourceVersion "1"]
[SourceVersionDate "2013.11.20"]
[SourceQuality "1"]
[WhiteTeam "Bekes"]
[BlackTeam "Abony"]
[WhiteTeamCountry "HUN"]
[BlackTeamCountry "HUN"]

1. d4 Nf6 2. Nf3 d5 3. Bf4 Bf5 4. e3 e6 5. Bd3 Bxd3 6. Qxd3 c6 7. Nbd2 Nbd7 8. Ne5 Nxe5 9. Bxe5 Be7 10. 0-0 0-0 11. h3 Rc8 12. c3 c5 13. Rfd1 1/2-1/2

[Event "HUN-chT2 Toth 1112"]
[Site "Hungary"]
[Date "2011.10.30"]
[Round "2.4"]
[White "Bozsik, Balazs"]
[Black "Bodrogi, Laszlo"]
[Result "1-0"]
[WhiteElo "2080"]
[BlackElo "2054"]
[PlyCount "23"]
[EventDate "2011.09.25"]
[EventType "team-tourn"]
[EventRounds "11"]
[EventCountry "HUN"]
[SourceTitle "EXT 2013"]
[Source "ChessBase"]
[SourceDate "2012.11.22"]
[SourceVersion "1"]
[SourceVersionDate "2012.11.22"]
[SourceQuality "1"]
[WhiteTeam "Keviterv"]
[BlackTeam "Abony"]
[WhiteTeamCountry "HUN"]
[BlackTeamCountry "HUN"]

1. d4 Nf6 2. c4 e6 3. Nc3 Bb4 4. Nf3 b6 5. Bg5 h6 6. Bh4 g5 7. Bg3 Ne4 8. Qc2 Bb7 9. e3 Nc6 10. Qxe4 d6 11. Qc2 f5 12. d5 1-0

[Event "HUN-chT2 Toth 1011"]
[Site "Hungary"]
[Date "2011.05.15"]
[Round "11.5"]
[White "Tornyai, Jeno"]
[Black "Bozsik, Balazs"]
[Result "0-1"]
[WhiteElo "1950"]
[BlackElo "2108"]
[PlyCount "156"]
[EventDate "2010.09.12"]
[EventType "team-tourn"]
[EventRounds "11"]
[EventCountry "HUN"]
[SourceTitle "EXT 2012"]
[Source "ChessBase"]
[SourceDate "2011.11.24"]
[SourceVersion "1"]
[SourceVersionDate "2011.11.24"]
[SourceQuality "1"]
[WhiteTeam "Maroczy II"]
[BlackTeam "Szolnok"]
[WhiteTeamCountry "HUN"]
[BlackTeamCountry "HUN"]

1. d4 Nf6 2. Nc3 d5 3. Bg5 Nbd7 4. f3 g6 5. e4 dxe4 6. fxe4 c6 7. Nf3 Qb6 8. a3 e5 9. Nxe5 Bg7 10. Nc4 Qc7 11. e5 Nd5 12. Nd6+ Kf8 13. Qf3 N7b6 14. Bd8 Qd7 15. Nce4 f5 16. exf6 Qxd8 17. fxg7+ Kxg7 18. Nf7 Qe7 19. Nxh8 Bf5 20. Bd3 Re8 21. 0-0 Bxe4 22. Bxe4 Qxe4 23. Qf7+ Kxh8 24. Rae1 Qxd4+ 25. Kh1 Rg8 26. Re8 Qg7 27. Rxg8+ Qxg8 28. Qxb7 h6 29. Qxc6 Nc8 30. Rd1 Nde7 31. Qc7 Qe6 32. Qc3+ Kg8 33. Rd8+ Kf7 34. Rh8 h5 35. h3 Nd6 36. Qf3+ Ndf5 37. g4 Qe1+ 38. Kg2 Qd2+ 39. Qf2 Qd5+ 40. Kg1 hxg4 41. hxg4 Qd1+ 42. Kh2 Qxg4 43. Rh7+ Kg8 44. Rh3 a6 45. Qd2 Nd4 46. Qe3 Ne6 47. Rg3 Qf5 48. c3 Nd5 49. Qd2 Ndf4 50. Qf2 Qh5+ 51. Kg1 Ne2+ 52. Kf1 N6f4 53. Qf3 Nxg3+ 54. Qxg3 Qf5 55. Ke1 Qe4+ 56. Kf2 Kf7 57. b4 Nd3+ 58. Kf1 Ke6 59. c4 Qxc4 60. Qxg6+ Kd5 61. Qg8+ Kd4 62. Qd8+ Kc3 63. Kg1 Qd4+ 64. Qxd4+ Kxd4 65. Kf1 Kc4 66. Ke2 Nb2 67. Kd2 Kb3 68. Kc1 Kxa3 69. Kc2 Na4 70. Kb1 Kxb4 71. Ka2 Nc5 72. Kb2 a5 73. Ka2 a4 74. Kb2 a3+ 75. Kc2 Ne6 76. Kc1 Kb3 77. Kb1 Nd4 78. Ka1 Nc2+ 0-1